| 000 | 00000nam##2200000za#4500 |
| 001 | 9.620774 |
| 003 | CaOODSP |
| 005 | 20240212134142 |
| 007 | ta |
| 008 | 150406|1992||||xxc||||| f|0| 0 fre|d |
| 020 | |a0-662-98051-4 |
| 022 | |a1713-0646 |
| 040 | |aCaOODSP|bfre |
| 043 | |an-cn--- |
| 086 | 1 |aNE22-1/1992-20F |
| 110 | 1 |aCanada. |bOffice national de l'énergie. |
| 245 | 10|aBritish Columbia Hydro and Power Authority et British Columbia Power Exchange Corporation : |bdemande en date du 29 avril 1991 en vue de l'obtention de permis autorisant l'exportation d'électricité garantie à court terme et d'énergie interruptible |
| 260 | |aCalgary - Alberta : |bOffice national de l'énergie |cDécembre 1992. |
| 300 | |a38p.|bfigure, tableaux |
| 490 | 1 |aMotifs de décision|x1713-0646 |
| 563 | |aCouverture souple |
| 691 | 07|aIndustrie pétrolière|2gcpds |
| 775 | 08|tBritish Columbia Hydro and Power Authority, and British Columbia Power Exchange Corporation : |w(CaOODSP)9.608689 |
| 776 | 0#|tMotifs de décision, British Columbia Hydro and Power Authority et British Columbia Power Exchange Corporation : |w(CaOODSP)9.602730 |
| 830 | #0|aMotifs de décision (Canada. Office national de l'énergie)|x1713-0646|w(CaOODSP)9.513162 |
| 986 | |aEW-2-91 |